Justifying sustainable buildings (Record no. 77295)

MARC details
000 -LEADER
fixed length control field 01230cab a2200193 4500
001 - CONTROL NUMBER
control field ##L133969
008 - FIXED-LENGTH DATA ELEMENTS--GENERAL INFORMATION
fixed length control field 060626n2006 000 0 eng u
035 ## - SYSTEM CONTROL NUMBER
System control number (Sirsi) u133969
041 0# - LANGUAGE CODE
Language code of text/sound track or separate title eng
100 1# - MAIN ENTRY--PERSONAL NAME
Personal name Roper, Kathy O.
245 00 - TITLE STATEMENT
Title Justifying sustainable buildings
Remainder of title championing green operations
260 ## - PUBLICATION, DISTRIBUTION, ETC.
Date of publication, distribution, etc. 2006
490 #0 - SERIES STATEMENT
Series statement Journal of Corporate Real Estate
Volume/sequential designation 8(2) 2006, 91-103(13)
520 ## - SUMMARY, ETC.
Summary, etc. Reviews current literature on sustainability and the background of the sustainability movement in the US. Provides information for managers to develop their own sustainability objectives to improve the value of corporate real estate assets. Finds that organisations who adopt environmental responsibility and then take action are capable of building more secure and prosperous positions within the global economy. Significant factors endorsing the business case are resource and energy efficiency, pollution prevention, harmonisation with the environment, and integrated and systemic approaches, including environmental management systems. [Taken from journal abstract].
590 ## - LOCAL NOTE (RLIN)
Local note IKA040706
690 ## - LOCAL SUBJECT ADDED ENTRY--TOPICAL TERM (OCLC, RLIN)
Topical term or geographic name as entry element PROPERTY-PROPERTY DEVELOPMENT-SUSTAINABLE PROPERTY DEVELOPMENT
700 1# - ADDED ENTRY--PERSONAL NAME
Personal name Beard, Jeffrey L.
942 ## - ADDED ENTRY ELEMENTS (KOHA)
Suppress in OPAC 0
Holdings
Withdrawn status Lost status Source of classification or shelving scheme Damaged status Not for loan Home library Current library Shelving location Date acquired Total Checkouts Full call number Barcode Date last seen Copy number Price effective from Koha item type
    Dewey Decimal Classification     London London Journal article 26/06/2006   L133969 133969-1001 06/08/2019 1 06/08/2019 Journal article